Considerations on the present state of public affairs, and the means of raising the necessary supplies.

Bibliographic Details
Main Author: Pulteney, William, bart
Format: Book
Language:English
Subjects:

MARC

Tag First Indicator Second Indicator Subfields
LEADER 00000cam a2200000 4500
001 in00000062870
005 20151008050638.0
008 790320s1779 enk 00000 eng d
035 |a (OCoLC)04758848 
035 |9 AAG2362AM 
040 |a JNA  |c JNA  |d TXA  |d UtOrBLW 
049 |a TXAM  |c [187167] 
090 |a DA507  |b .B379 1779 
092 |a 336.2  |b P983c 
100 1 |a Pulteney, William,  |c bart. 
245 1 0 |a Considerations on the present state of public affairs, and the means of raising the necessary supplies. 
264 3 |a London :  |b Printed for J. Dodsley and T. Cadell,  |c 1779. 
300 |a 1 preliminary leaf, 52 pages ;  |c 21 cm. 
336 |a text  |b txt  |2 rdacontent 
337 |a unmediated  |b n  |2 rdamedia 
338 |a volume  |b nc  |2 rdacarrier 
500 |a Disbound. 
650 0 |a Taxation. 
650 0 |a Debts, Public  |z Great Britain. 
999 |a MARS 
999 f f |s 9566c104-cc9b-3a3f-a8cd-70dbe79b9a53  |i 4fc17683-f6f8-3f47-806b-ce6017e06887  |t 0 
952 f f |p noncirc  |a Texas A&M University  |b College Station  |c Cushing Memorial Library & Archives  |d Cushing: Rare Books (Does not check out)  |t 0  |e DA507 .B379 1779  |h Library of Congress classification  |i unmediated -- volume  |m A14800748540 
998 f f |a DA507 .B379 1779  |t 0  |l Cushing: Rare Books (Does not check out)